000 01953nam a22005417a 4500
001 894524232
003 OCoLC
005 20210419091557.0
006 m d
007 cr cn|||||||||
008 141105s2014 nyua ok 000 0 eng d
020 _a9780071813174 (electronic book)
020 _a0071813179 (electronic book)
035 _a(OCoLC)894524232
040 _aTMV
_cTMV
041 _aeng
049 _aYYEA
080 _a616.43
_bK-20
096 _aINTERNET LINK
100 _9235
_aKappy, S. Michael
245 0 0 _aPediatric practice.
_pEndocrinology
_h[electronic resource] /
_ceditors, Michael S. Kappy, Mitchell E. Geffner, David B. Allen.
246 3 0 _aEndocrinology.
250 _a2nd ed.
260 _aNew York :
_bMcGraw-Hill Education,
_c[2014]
300 _a1 online resource :482 p.
_billustrations.
365 _b14.66 usd
504 _aIncludes bibliographical references.
506 _aRestricted to users at subscribing institutions.
516 _aHTML formatted version.
530 _aElectronic version of the print publication.
538 _aMode of access: World Wide Web.
588 _aDescription based on print record.
650 2 _aEndocrine System Diseases
_xdiagnosis.
650 0 _aMedicine
_969
650 2 _aEndocrine System Diseases
_xtherapy.
650 2 _aChild.
650 2 _aInfant.
653 _aენდოკრინოლოგია
653 _aმედიცინა
655 7 _aElectronic books.
700 1 _aKappy, Michael S.
_q(Michael Steven),
_d1940-
700 1 _aGeffner, Mitchell E.
700 1 _aAllen, David B.
_c(Pediatric endocrinologist)
710 2 _aMcGraw-Hill Companies.
710 2 _aAccessPediatrics (Online Service)
856 4 0 _3AccessPediatrics
_uhttps://elibrary.einsteinmed.org/login?url=https://accesspediatrics.mhmedical.com/book.aspx?bookid=1082
_zEINSTEIN: Access Pediatrics ebook collection
942 _2udc
_cBK
_e2
999 _c349
_d349